• 首页
  • 本馆介绍
  • 公告通知
  • 最新文献
  • 馆藏检索
  • 电子资源
  • 读者导购
  • 参考咨询
  • 我的图书馆
  • 登录
  • 详细信息显示
  • 放入我的书架
  • 预约/预借图书
  • 作者相关作品
  • 分类相关作品
  • 丛书相关作品
  • 出版社相关作品

书目信息

  • 表格格式
  • 工作单格式
  • 卡片格式
题名:
图解实验观察大全
    
 
作者: 小泉贞明 , 水野丈夫 主编 ;施忆 , 钱晓晴 主译
分册:   生物
出版信息: 北京   人民教育出版社  2009.10
页数: 372页
开本: 30cm
丛书名:
单 册:
中图分类: N33 , Q-33
科图分类:
主题词: 科学实验--图解 , 生物学--实验--图解 , 科学实验 , 生物学
电子资源:
ISBN: 978-7-107-19733-8
000 01176nam0 2200325 45
001 1138427219
005 20110419102120.03
010    @a978-7-107-19733-8@b精装@dCNY182.60
100    @a20110409d2009 em y0chiy0110 ea
101 1  @achi@cjpn
102    @aCN@b110000
105    @aa z 001yy
106    @ar
200 1  @a图解实验观察大全@ATu Jie Shi Yan Guan Cha Da Quan@i生物@ISheng Wu@f(日) 小泉贞明,(日) 水野丈夫主编@F( Ri ) Xiao Quan Zhen Ming, ( Ri ) Shui Ye Zhang Fu Zhu Bian@g施忆,钱晓晴主译
205    @a修订本
210    @a北京@c人民教育出版社@d2009.10
215    @a372页@c图@d30cm
330    @a本书内容包括:身边的生物,植物,动物,人体,细胞、繁殖、遗传和进化,自然生态系统的稳态与环境保护,饲养与栽培,基本操作等。
606 0  @a科学实验@j图解
606 0  @a生物学@x实验@j图解
606 0  @a科学实验
606 0  @a生物学
690    @aN33@v4
690    @aQ-33@v4
701  1 @c(日)@a小泉贞明@AXiao Quan Zhen Ming@4主编
701  1 @c(日)@a水野丈夫@AShui Ye Zhang Fu@4主编
702  0 @a施忆@AShi Yi@c(生物教学)@4主译
702  0 @a钱晓晴@AQian Xiao Qing@f(1962~)@4主译
801  0 @aCN@bTANGWEI@c20110419
905    @b0535561-62@dN33@e91=2@f2
    
    图解实验观察大全.生物/(日) 小泉贞明,(日) 水野丈夫主编/施忆,钱晓晴主译.-修订本.-北京:人民教育出版社,2009.10
    372页:图;30cm
    
    
    ISBN 978-7-107-19733-8(精装):CNY182.60
    本书内容包括:身边的生物,植物,动物,人体,细胞、繁殖、遗传和进化,自然生态系统的稳态与环境保护,饲养与栽培,基本操作等。
●
相关链接 在E读中查询图书 在五车中查询图书 在当当中查询图书 在豆瓣中查询图书


正题名:图解实验观察大全     索取号:N33/91=2         预约/预借

序号 登录号 条形码 馆藏地/架位号 状态 备注
1 0535561   205355612   第二样本阅览室/ [索取号:N33/91=2] 在馆    
2 0535562   205355621   第三借阅区/ [索取号:N33/91=2] 在馆    
唐山师范学院图书馆 欢迎您!
大连网信软件有限公司© 版权所有